| 000 | 00808nam a2200265 i 4500 | ||
|---|---|---|---|
| 001 | 5428 | ||
| 003 | ES-MaACL | ||
| 005 | 20250814083424.0 | ||
| 007 | t| | ||
| 008 | 880615s1985 fr ||||1| fre d | ||
| 020 | _a2-86642-027-1 | ||
| 080 | _a92 Kurosawa,A. | ||
| 080 | _a791.44.071.1 Kurosawa | ||
| 100 | 1 |
_aKurosawa, Akira. _969061 |
|
| 245 | 1 | 0 |
_aComme une autobiographie / _cAkira Kurosawa; traduit de l'anglais par Michel Chion. |
| 260 |
_a[Paris] : _bSeuil, _c[D.L.1985] |
||
| 300 |
_a223 p., 4 h.de lam ; _c24 cm. |
||
| 490 | 1 | _aCahiers du cinéma | |
| 500 | _aFilmografia: p.218-223. | ||
| 600 | 1 | 4 |
_aKurosawa, Akira. _969061 |
| 700 | 1 |
_aChion, Michel. _938537 |
|
| 830 | 0 |
_aCahiers du cinéma _9177465 |
|
| 852 |
_aES-MaACL _jL-12123 _bR.114460 _z. - Rust. |
||
| 999 |
_c5428 _d5428 |
||